Lear (Record no. 170340)

MARC details
000 -LEADER
campo de control de longitud fija 00830nam a22002295i 4500
001 - NÚMERO DE CONTROL
campo de control 170340
003 - IDENTIFICADOR DE NÚMERO DE CONTROL
campo de control ES-MaACL
005 - FECHA Y HORA DE LA ÚLTIMA TRANSACCIÓN
campo de control 20250716062540.0
008 - DATOS DE LONGITUD FIJA--INFORMACIÓN GENERAL
campo de control de longitud fija 090225s1982 ger |||| | fre d
020 ## - NÚMERO INTERNACIONAL ESTÁNDAR DEL LIBRO
Número Internacional Estándar del Libro 3-7957-3688-9
080 ## - NÚMERO DE LA CLASIFICACIÓN DECIMAL UNIVERSAL
Número de la Clasificación Decimal Universal 782.1
100 1# - ENTRADA PRINCIPAL--NOMBRE DE PERSONA
Nombre de persona Reimann, Aribert.
9 (RLIN) 139528
245 10 - MENCIÓN DEL TÍTULO
Título Lear
Resto del título : opéra en deux parties d'après William Shakespeare /
Mención de responsabilidad, etc. Aribert Reimann ; arrangement de Claus H. Henneberg ; version française de Antoinette Becker.
260 ## - PUBLICACIÓN, DISTRIBUCIÓN, ETC.
Lugar de publicación, distribución, etc. Main :
Nombre del editor, distribuidor, etc. Schott,
Fecha de publicación, distribución, etc. [1982]
300 ## - DESCRIPCIÓN FÍSICA
Extensión 32 p. ;
Dimensiones 20 cm.
650 14 - PUNTO DE ACCESO ADICIONAL DE MATERIA--TÉRMINO DE MATERIA
Término de materia o nombre geográfico como elemento de entrada Óperas-
Subdivisión de forma Libretos.
9 (RLIN) 137584
700 1# - ENTRADA AGREGADA--NOMBRE PERSONAL
Nombre de persona Shakespeare, William,
Fechas asociadas al nombre 1564-1616
9 (RLIN) 105992
700 1# - ENTRADA AGREGADA--NOMBRE PERSONAL
Nombre de persona Henneberg, Claus H.
9 (RLIN) 139529
700 1# - ENTRADA AGREGADA--NOMBRE PERSONAL
Nombre de persona Becker, Antoinette.
9 (RLIN) 139530
852 ## - LOCALIZACIÓN
Ubicación ES-MaACL
Número de control de estantería 2249-F-23
itemnumber R.140873
Nota libre .- Biblioteca Jacinto Martínez Lacalle
Holdings
Estatus retirado Estado de pérdida Estado de daño No para préstamo Colección Biblioteca de origen Biblioteca actual Ubicación en estantería Fecha de adquisición Fuente de adquisición Total de préstamos Signatura topográfica completa Código de barras Visto por última vez Precio de reemplazo Tipo de ítem Koha
        Colección de folletos Biblioteca del Ateneo de Madrid Biblioteca del Ateneo de Madrid Depósito folletos 25/02/2009     2249-F-23 1178827 23/02/2023 23/02/2023 Folleto